| 000 | 01044nam a2200205 a 4500 | ||
|---|---|---|---|
| 008 | 120416s1979 ||||||||||||||||| || u | ||
| 020 | _a0070334439 | ||
| 050 | _aHD 31 Kas | ||
| 100 | _aKast, Fremont E | ||
| 245 | 1 | 0 | _aOrganization and management: a systems and contingency approach. (3rd ed.) |
| 250 | _a3rd ed. | ||
| 260 |
_aNew York: _bMcGraw-Hill _c1979 |
||
| 350 | _a0.00 | ||
| 650 | 0 | _aMANAGEMENT | |
| 650 | _aORGANIZATION | ||
| 995 |
_D0.00 _FCBU-MAIN LIBRARY (Kitwe) _H1 _I34.00 _M2 _UDAMAGED _ZMain Library Open Access Collection |
||
| 995 |
_D0.00 _FCBU-SCHOOL TEXTBOOK COLLECTIONS _H1 _I0.00 _M4 _UAVAILABLE _WSep 22, 2009 _ZSchool Collections |
||
| 995 |
_D0.00 _FCBU-MAIN LIBRARY (Kitwe) _H2 _I34.00 _M1 _UDAMAGED _ZMain Library Open Access Collection |
||
| 995 |
_D0.00 _FCBU-MAIN LIBRARY (Kitwe) _H3 _I34.00 _M3 _UDAMAGED _ZMain Library Open Access Collection |
||
| 999 |
_c81657 _d81657 |
||